5HLuxD.jpg

KING HENRY VIII SENIOR AND PRIMARY SCHOOL LIBRARY OPAC

Tiger Lily / (Record no. 43)

000 -LEADER
fixed length control field 01004cam a2200301 a 4500
001 - CONTROL NUMBER
control field (Sirsi) a948282
003 - CONTROL NUMBER IDENTIFIER
control field OSt
005 - DATE AND TIME OF LATEST TRANSACTION
control field 20190724110446.0
008 - FIXED-LENGTH DATA ELEMENTS--GENERAL INFORMATION
fixed length control field 130708r20132012nyu e 000 1 eng
020 ## - INTERNATIONAL STANDARD BOOK NUMBER
International Standard Book Number 9780062003263
Qualifying information (pbk.) :
020 ## - INTERNATIONAL STANDARD BOOK NUMBER
International Standard Book Number 0062003267
Qualifying information (pbk.)
040 ## - CATALOGING SOURCE
Original cataloging agency TAE
Language of cataloging eng
Transcribing agency TAE
042 ## - AUTHENTICATION CODE
Authentication code nbic
082 0# - DEWEY DECIMAL CLASSIFICATION NUMBER
Classification number FIC AND
100 1# - MAIN ENTRY--PERSONAL NAME
Personal name Anderson, Jodi Lynn.
Relator term author
245 10 - TITLE STATEMENT
Title Tiger Lily /
Statement of responsibility, etc. Jodi Lynn Anderson.
250 ## - EDITION STATEMENT
Edition statement 1st pbk. ed.
260 ## - PUBLICATION, DISTRIBUTION, ETC.
Place of publication, distribution, etc. New York :
Name of publisher, distributor, etc. HarperTeen,
Date of publication, distribution, etc. 2013, c2012.
300 ## - PHYSICAL DESCRIPTION
Extent 292 p. ;
Dimensions 21 cm.
500 ## - GENERAL NOTE
General note Based on James M. Barrie's Peter Pan.
520 ## - SUMMARY, ETC.
Summary, etc. Fifteen-year-old Tiger Lily receives special protections from the spiritual forces of Neverland, but then she meets her tribe's most dangerous enemy--Peter Pan--and falls in love with him.
650 #0 - SUBJECT ADDED ENTRY--TOPICAL TERM
Topical term or geographic name entry element Fairies
Form subdivision Juvenile fiction.
650 #0 - SUBJECT ADDED ENTRY--TOPICAL TERM
Topical term or geographic name entry element Love stories.
650 #0 - SUBJECT ADDED ENTRY--TOPICAL TERM
Topical term or geographic name entry element Magic
Form subdivision Juvenile fiction.
650 #0 - SUBJECT ADDED ENTRY--TOPICAL TERM
Topical term or geographic name entry element Fantasy fiction.
650 #0 - SUBJECT ADDED ENTRY--TOPICAL TERM
Topical term or geographic name entry element Young adult fiction.
942 ## - ADDED ENTRY ELEMENTS (KOHA)
Source of classification or shelving scheme
Koha item type Books - Fiction
Holdings
Withdrawn status Lost status Source of classification or shelving scheme Damaged status Not for loan Collection code Permanent Location Current Location Shelving location Date acquired Total Checkouts Total Renewals Full call number Barcode Date last seen Date last checked out Price effective from Koha item type
          Fiction KH8 Senior School Library KH8 Senior School Library Fiction 2019-07-24 1 1 FIC AND 3KHSL000101216 2024-07-16 2019-11-18 2019-07-24 Books - Fiction

Powered By KH8 IT Dept